000 00437nam a22001577a 4500
005 20150316123814.0
008 150316b xxu||||| |||| 00| 0 eng d
020 _a9698509089
040 _cPK-LaUMT
082 _aKHC 303.372
_bSAE-I
100 _aسعیداحمد وارثی
245 _aانسانی قدریں
_cسعیداحمد وارثی
260 _aکوئٹہ
_b روبی پبلشرز
_c2001
300 _a188 ص
942 _cBK
999 _c67890
_d67890